01843cam a2200313 a 45000010009000000050017000090080041000260100017000670200038000840350024001220350057001460400044002030430012002470500023002590820016002821000019002982450096003172600055004133000024004685040051004925050723005436500033012666500028012996500011013276500024013386510055013627000029014178560083014461489933020170105102918.0070621s2008 mdu b 001 0 eng  a 2007026060 a9788175967717 (pbk. : alk. paper) a(OCoLC)ocn145431813 a(OCoLC)145431813z(OCoLC)154706161z(OCoLC)154706162 aDLCcDLCdYDXCPdBAKERdBTCTAdC#PdDLC an-us---00aHV6432b.P345 200800a973.9312221 aPalmer, Monte.10aIslamic extremism :bcauses, diversity, and challenges /cMonte Palmer and Princess Palmer. aLanham :bRowman & Littlefield Publishers,cc2008. ax, 291 p. ;c24 cm. aIncludes bibliographical references and index.0 aAmerica's struggle against terror : who is the enemy? -- Islam, Muslim extremism, and anti-Americanism -- The Muslim brotherhood and the origin of the radical moderates -- Hamas : the ascendance of religious extremism in the Arab Israeli conflict -- Hizbullah : a tale of three countries -- Iraqi Hizbullah -- Turkey : a model for democratic Islamic rule? -- The jihadist movement and how it evolved -- The jihadist war plan -- The jihadist war machine -- The allies of the jihadists : those who make terror possible -- The Israeli struggle against terror and Islamic extremism : a guide for the United States -- How America's allies in the Islamic World fight terror -- America, Islamic extremism and jihadist terror. 0aWar on Terrorism, 2001-2009. 0aIslamic fundamentalism. 0aJihad. 0aIslam and politics. 0aUnited StatesxPolitics and governmenty2001-2009.1 aPalmer, Princess,d1952-413Table of contents onlyuhttp://www.loc.gov/catdir/toc/ecip0721/2007026060.html